Riconosci il Pokémon - Quiz n°898 - Statistics

Statistiche generali
  • Questo quiz è stato fatto 1 volte
  • Il punteggio medio è 10 su 10
Statistiche sulle risposte
Indizio Risposta % Corretto
Altezza 0,6 m
100%
Tasso di cattura 45 (11.9%)
100%
Sesso 50% ♂, 50% ♀
100%
Peso 72,0 kg
100%
Abilità Dentistretti; Sabbiavelo
100%
Stadio evoluzione Forma Base
100%
Pokémon Larvitar
100%
Tasso di allevamento Lento
100%
Tipo Roccia / Terra
100%
Generazione Seconda
100%
Nessun quiz corrispondente trovato
Distribuzione punteggi
Percentuale di utenti per punteggio
Percentile per numero di risposta
I tuoi punteggi nel tempo
Non hai fatto questo quiz